[Event "Vienna Chess Open 2016 Group A"]
[Site "Grosser Festsaal im Wiener Rathaus, 1010 Wien"]
[Date "2016.08.21"]
[Round "7"]
[Board "28"]
[White "Larmuseau, Michiel"]
[Black "Lomineishvili, Maia"]
[Result "1/2-1/2"]
[WhiteElo "2177"]
[BlackElo "2331"]
[PlyCount "106"]
[EventDate "2016.08.16"]
[EventRounds "9"]
[EventCountry "AUT"]

1.e4 c5 2.Nc3 Nc6 3.Bb5 Nd4 4.Nf3 Nxb5 5.Nxb5 Nf6 6.e5 Nd5 7.O-O Nc7 8.Nxc7+ Qxc7
9.d4 cxd4 10.Qxd4 e6 11.Rd1 b6 12.Ng5 h6 13.Ne4 Bb7 14.Be3 Bxe4 15.Qxe4 Rc8 16.Qd3
Rd8 17.Bf4 Be7 18.Rd2 g5 19.Bg3 h5 20.h3 h4 21.Bh2 Qc5 22.Rad1 O-O 23.Qf3 f5 24.Qh5
Rf7 25.c3 Rh7 26.Qe2 Bf8 27.Kh1 Rg7 28.f3 Qc6 29.Rd3 b5 30.Bg1 a5 31.Qf2 d5 32.exd6
Rxd6 33.Rxd6 Bxd6 34.Qb6 Qxb6 35.Bxb6 Bc7 36.Be3 Kf8 37.Kg1 Ke8 38.Kf1 a4 39.b3 axb3
40.axb3 Be5 41.c4 bxc4 42.bxc4 g4 43.Bf2 gxh3 44.gxh3 Bg3 45.Bd4 Rc7 46.Rc1 Kd7 47.Ke2
e5 48.Bb6 Rb7 49.c5 Kc6 50.Rd1 Rd7 51.Rxd7 Kxd7 52.Kd3 Kc6 53.Kc4 Bf2 1/2-1/2

[Event "Vienna Chess Open 2016 Group A"]
[Site "Grosser Festsaal im Wiener Rathaus, 1010 Wien"]
[Date "2016.08.21"]
[Round "7"]
[Board "29"]
[White "Lewicki, Miroslaw"]
[Black "Barthel, Ansgar"]
[Result "1-0"]
[WhiteElo "2319"]
[BlackElo "2194"]
[PlyCount "103"]
[EventDate "2016.08.16"]
[EventRounds "9"]
[EventCountry "AUT"]

1.e4 Nf6 2.e5 Nd5 3.d4 d6 4.exd6 cxd6 5.Bc4 Nb6 6.Bb3 d5 7.c3 Bf5 8.a4 e6 9.a5 N6d7
10.Bc2 Bxc2 11.Qxc2 Bd6 12.Nf3 O-O 13.O-O a6 14.b4 Qc7 15.Qd3 Nc6 16.h3 Rac8 17.Ba3
Na7 18.Rc1 Nb5 19.Bb2 Nf6 20.Nbd2 Bf4 21.Re1 Bxd2 22.Nxd2 Nd6 23.Nb3 Qc4 24.Qc2 Nb5
25.Rac1 Ne4 26.Re3 Qc6 27.f3 Ned6 28.Nc5 Nc4 29.Re2 Rc7 30.f4 Nbd6 31.Rce1 Nxb2 32.Qxb2
Ne4 33.Rxe4 dxe4 34.Rxe4 Rd8 35.Qe2 g6 36.h4 h5 37.g4 hxg4 38.Qxg4 Qd5 39.Re5 Qc4
40.Qg5 Rd5 41.Ne4 Rxd4 42.cxd4 Qxd4+ 43.Nf2 Rc1+ 44.Kg2 Rc2 45.Qg3 Rc3 46.Qg4 Rc2
47.Qf3 Qxb4 48.h5 gxh5 49.Rxh5 Qd4 50.Qg3+ Kf8 51.Qh4 f6 52.Rh8+ 1-0

[Event "Vienna Chess Open 2016 Group A"]
[Site "Grosser Festsaal im Wiener Rathaus, 1010 Wien"]
[Date "2016.08.21"]
[Round "7"]
[Board "30"]
[White "Bisby, Daniel"]
[Black "Babar, Michael"]
[Result "1-0"]
[WhiteElo "2311"]
[BlackElo "2136"]
[PlyCount "47"]
[EventDate "2016.08.16"]
[EventRounds "9"]
[EventCountry "AUT"]

1.e4 e5 2.d4 d6 3.Nf3 Nd7 4.Bc4 Be7 5.dxe5 Nb6 6.Bb3 Be6 7.Bxe6 fxe6 8.exd6 cxd6 9.Nd4
Qd7 10.Qg4 Kf7 11.Nc3 Nf6 12.Qh3 Rac8 13.O-O e5 14.Qxd7 Nbxd7 15.Nde2 Rc4 16.f3 a6
17.a4 Rhc8 18.Rd1 Ke6 19.Be3 b5 20.axb5 axb5 21.Nxb5 Rxc2 22.Rd2 Rxd2 23.Bxd2 Rc2
24.Nbd4+ 1-0

[Event "Vienna Chess Open 2016 Group A"]
[Site "Grosser Festsaal im Wiener Rathaus, 1010 Wien"]
[Date "2016.08.21"]
[Round "7"]
[Board "32"]
[White "Wagner, Gregor"]
[Black "Zamengo, Fulvio"]
[Result "1/2-1/2"]
[WhiteElo "2170"]
[BlackElo "2298"]
[PlyCount "114"]
[EventDate "2016.08.16"]
[EventRounds "9"]
[EventCountry "AUT"]

1.d4 Nf6 2.c4 g6 3.Nc3 d5 4.cxd5 Nxd5 5.e4 Nxc3 6.bxc3 Bg7 7.Nf3 O-O 8.Be2 c5 9.O-O
b6 10.Bg5 Bb7 11.Qd3 Ba6 12.Qe3 Bxe2 13.Qxe2 Qd7 14.Rad1 cxd4 15.cxd4 Nc6 16.d5 Ne5
17.Nxe5 Bxe5 18.f4 Bg7 19.Bh4 e5 20.f5 f6 21.fxg6 hxg6 22.d6 Qe6 23.Rd5 Rad8 24.Rfd1
Rf7 25.Qd3 Rfd7 26.Be1 Bf8 27.Bb4 Kf7 28.a4 a6 29.h3 b5 30.Ba5 Ra8 31.axb5 axb5 32.Qxb5
Bh6 33.Bc7 Be3+ 34.Kh1 Rh8 35.Qf1 f5 36.Re1 Bf4 37.Qf3 fxe4 38.Rxe4 Qf5 39.Rd1 g5
40.Kg1 Kg6 41.Rb4 g4 42.Qxg4+ Qxg4 43.hxg4 Be3+ 44.Kf1 Rh1+ 45.Ke2 Rxd1 46.Kxd1 Bc5
47.Rb8 Bxd6 48.Rd8 Rxd8 49.Bxd8 e4 50.Ke2 Bc5 51.Bh4 Bb6 52.Bf2 Bxf2 53.Kxf2 Kg5 54.Kg3
e3 55.Kf3 e2 56.Kxe2 Kxg4 57.Kf2 Kf4 1/2-1/2

[Event "Vienna Chess Open 2016 Group A"]
[Site "Grosser Festsaal im Wiener Rathaus, 1010 Wien"]
[Date "2016.08.21"]
[Round "7"]
[Board "33"]
[White "Mertens, Heiko"]
[Black "Ferster, Fabian"]
[Result "1-0"]
[WhiteElo "2297"]
[BlackElo "2186"]
[PlyCount "95"]
[EventDate "2016.08.16"]
[EventRounds "9"]
[EventCountry "AUT"]

1.d4 Nf6 2.Nf3 e6 3.Bf4 c5 4.c3 b6 5.e3 Bb7 6.h3 Nc6 7.Nbd2 d5 8.Bd3 Bd6 9.Bxd6 Qxd6
10.O-O O-O 11.dxc5 bxc5 12.e4 Rfd8 13.exd5 Qxd5 14.Bc4 Qf5 15.Qe2 Rab8 16.Nb3 Nd5
17.Bxd5 Rxd5 18.Rfd1 Ne5 19.Nxe5 Rxe5 20.Qd2 h5 21.Qd6 Rf8 22.Re1 Qg5 23.g3 Rd5 24.Qc7
Ba8 25.Qf4 Qxf4 26.gxf4 Rfd8 27.c4 Rf5 28.Re5 Rxf4 29.Rxc5 h4 30.Rf1 Be4 31.Re5 Bf5
32.Rc1 Bxh3 33.c5 Rc8 34.c6 Rc7 35.Rc3 Bf5 36.Rb5 Be4 37.Rb4 g5 38.Na5 Rg4+ 39.Kh2
f5 40.f3 Bxf3 41.Rb8+ Kf7 42.Rxf3 Kf6 43.Rd3 Re4 44.Rd7 g4 45.Rxc7 Re2+ 46.Kg1 g3
47.Rh7 Kg5 48.c7 1-0

[Event "Vienna Chess Open 2016 Group A"]
[Site "Grosser Festsaal im Wiener Rathaus, 1010 Wien"]
[Date "2016.08.21"]
[Round "7"]
[Board "34"]
[White "Radionov, Timur"]
[Black "Pisu, Robert-Daniel"]
[Result "1/2-1/2"]
[WhiteElo "2285"]
[BlackElo "2165"]
[PlyCount "49"]
[EventDate "2016.08.16"]
[EventRounds "9"]
[EventCountry "AUT"]

1.e4 c6 2.d4 d5 3.exd5 cxd5 4.Bd3 Nc6 5.c3 g6 6.Bf4 Bg7 7.Nf3 Nh6 8.O-O O-O 9.Re1
f6 10.c4 Kh8 11.cxd5 Nb4 12.Nc3 g5 13.Bg3 g4 14.Nh4 Nxd5 15.Nxd5 Qxd5 16.Rxe7 Qxd4
17.Qe2 f5 18.Rxg7 Qxg7 19.Be5 Rf6 20.Bxf6 Qxf6 21.Qe8+ Kg7 22.Re1 Nf7 23.g3 Ng5 24.Re7+
Kh6 25.Re2 1/2-1/2

[Event "Vienna Chess Open 2016 Group A"]
[Site "Grosser Festsaal im Wiener Rathaus, 1010 Wien"]
[Date "2016.08.21"]
[Round "7"]
[Board "35"]
[White "Blohberger, Felix"]
[Black "Voloshin, Pavel"]
[Result "1/2-1/2"]
[WhiteElo "2271"]
[BlackElo "2120"]
[PlyCount "33"]
[EventDate "2016.08.16"]
[EventRounds "9"]
[EventCountry "AUT"]

1.Nf3 e6 2.c4 Nf6 3.g3 b6 4.Bg2 Bb7 5.O-O g6 6.b3 Bg7 7.Bb2 O-O 8.e3 d6 9.d4 Qc8 10.Nbd2
Ne4 11.Nxe4 Bxe4 12.Nd2 Bxg2 13.Kxg2 Qb7+ 14.Qf3 Qxf3+ 15.Nxf3 Nd7 16.Rfd1 Rfd8 17.Rac1 1/2-1/2

[Event "Vienna Chess Open 2016 Group A"]
[Site "Grosser Festsaal im Wiener Rathaus, 1010 Wien"]
[Date "2016.08.21"]
[Round "7"]
[Board "36"]
[White "Brendel, Bergit"]
[Black "Santagati, Alessandro"]
[Result "0-1"]
[WhiteElo "2089"]
[BlackElo "2271"]
[PlyCount "80"]
[EventDate "2016.08.16"]
[EventRounds "9"]
[EventCountry "AUT"]

1.e4 e6 2.d4 d5 3.Nc3 Bb4 4.e5 c5 5.a3 Bxc3+ 6.bxc3 Ne7 7.Qg4 O-O 8.Bd3 f5 9.exf6
Rxf6 10.Bg5 Rf7 11.Qh4 g6 12.Nf3 Nbc6 13.O-O c4 14.Be2 Qd6 15.Qg3 Nf5 16.Qh3 Qc7 17.Nh4
e5 18.Nxf5 Bxf5 19.Qe3 Bxc2 20.Qd2 Bf5 21.dxe5 Qxe5 22.Rfe1 Rd7 23.Bf4 Qf6 24.Bf3
Be6 25.Bg5 Qf7 26.Rad1 Re8 27.Qe2 d4 28.Bxc6 bxc6 29.cxd4 Qf5 30.Qe5 Qxe5 31.Rxe5
Bf7 32.Rc5 Rxd4 33.Rc1 Bd5 34.Be3 Rd3 35.Ra5 Re7 36.Bxa7 Rc3 37.Ra1 Rb3 38.Bd4 Re4
39.Be3 c3 40.Kf1 c2 0-1

[Event "Vienna Chess Open 2016 Group A"]
[Site "Grosser Festsaal im Wiener Rathaus, 1010 Wien"]
[Date "2016.08.22"]
[Round "8"]
[Board "1"]
[White "Rathnakaran, Kantholi"]
[Black "Ragger, Markus"]
[Result "0-1"]
[WhiteElo "2452"]
[BlackElo "2686"]
[PlyCount "84"]
[EventDate "2016.08.16"]
[EventRounds "9"]
[EventCountry "AUT"]

1.e4 e5 2.Nf3 Nc6 3.Bc4 Bc5 4.c3 Nf6 5.d3 O-O 6.Bb3 d5 7.Qe2 a5 8.O-O a4 9.Bc2 h6
10.exd5 Qxd5 11.Nbd2 Bg4 12.h3 Bh5 13.Ne4 Be7 14.Ng3 Bxf3 15.gxf3 Qe6 16.Kh2 Nd5 17.Rg1
Nf4 18.Qf1 Ng6 19.d4 exd4 20.f4 Nh4 21.f5 Qd7 22.Nh5 Nf3+ 23.Kh1 Nxg1 24.Qg2 g5 25.Kxg1
f6 26.Nf4 Kh7 27.Be4 dxc3 28.Nd5 Rae8 29.h4 g4 30.bxc3 Bd6 31.Be3 Qf7 32.Rb1 Ne5 33.Rxb7
Rg8 34.Kf1 Rb8 35.Ra7 Rg7 36.Bd4 Qf8 37.Nf4 Qe8 38.Ne6 Qb5+ 39.Kg1 Nf3+ 40.Bxf3 Qb1+
41.Bd1 Qxd1+ 42.Qf1 Bh2+ 0-1

[Event "Vienna Chess Open 2016 Group A"]
[Site "Grosser Festsaal im Wiener Rathaus, 1010 Wien"]
[Date "2016.08.22"]
[Round "8"]
[Board "2"]
[White "Buhmann, Rainer"]
[Black "Vetoshko, Volodymyr"]
[Result "1/2-1/2"]
[WhiteElo "2641"]
[BlackElo "2438"]
[PlyCount "82"]
[EventDate "2016.08.16"]
[EventRounds "9"]
[EventCountry "AUT"]

1.d4 d5 2.c4 e6 3.Nf3 Nf6 4.g3 dxc4 5.Bg2 c5 6.O-O Nc6 7.Ne5 Bd7 8.Nxc4 cxd4 9.Bf4
Be7 10.Nd6+ Kf8 11.Nxb7 Qb6 12.Nd6 Qc5 13.Qb3 Bxd6 14.Rc1 Qb4 15.Bxc6 Rc8 16.Qxb4
Bxb4 17.Bxd7 Rxc1+ 18.Bxc1 Nxd7 19.Bd2 a5 20.a3 Bxd2 21.Nxd2 Ke7 22.Rc1 Rb8 23.b3
e5 24.Rc7 Ke6 25.Rc6+ Ke7 26.f4 Rb5 27.Rc7 Kd8 28.Ra7 exf4 29.gxf4 g5 30.fxg5 Rxg5+
31.Kf1 Rf5+ 32.Ke1 Ne5 33.Ne4 Nc6 34.Nd6 Rf6 35.Ra8+ Kd7 36.Nc4 Rf5 37.Kd2 Rb5 38.Kc2
Rh5 39.h4 Rxh4 40.Nxa5 Ne5 41.Nc4 Nxc4 1/2-1/2

[Event "Vienna Chess Open 2016 Group A"]
[Site "Grosser Festsaal im Wiener Rathaus, 1010 Wien"]
[Date "2016.08.22"]
[Round "8"]
[Board "3"]
[White "Keymer, Vincent"]
[Black "Shengelia, David"]
[Result "1/2-1/2"]
[WhiteElo "2348"]
[BlackElo "2572"]
[PlyCount "110"]
[EventDate "2016.08.16"]
[EventRounds "9"]
[EventCountry "AUT"]

1.d4 Nf6 2.c4 e6 3.Nf3 b6 4.g3 Ba6 5.Qb3 c6 6.Nc3 d5 7.cxd5 Nxd5 8.Bg2 Be7 9.Bf4 O-O
10.Qa4 b5 11.Qc2 Nd7 12.O-O Rc8 13.Rfd1 b4 14.Ne4 c5 15.dxc5 Nxc5 16.Nxc5 Rxc5 17.Qe4
Rc4 18.Rd4 Rxd4 19.Nxd4 Nxf4 20.gxf4 Qd6 21.Rc1 Rc8 22.Rxc8+ Bxc8 23.e3 Bf8 24.Bf1
g6 25.Qa8 Qc5 26.Nc6 Bd7 27.Ne5 Qc7 28.Nxd7 Qxd7 29.b3 h6 30.Qb8 a5 31.Qb5 Qd8 32.Bd3
Be7 33.Qc4 Bf6 34.Kg2 Kg7 35.h3 Qd6 36.Be4 Bd8 37.Qd3 Qc7 38.Qc2 Qa7 39.Qc8 Qe7 40.Qb7
Bc7 41.Qc6 g5 42.f5 exf5 43.Bxf5 Qe5 44.Qe4 Kf6 45.Qxe5+ Kxe5 46.Bd3 f5 47.Kf3 h5
48.Bc2 Bd8 49.Kg3 Bc7 50.Kf3 Kf6 51.Kg2 Bb6 52.Kg3 Bc5 53.Bd3 g4 54.hxg4 hxg4 55.f3
gxf3 1/2-1/2

[Event "Vienna Chess Open 2016 Group A"]
[Site "Grosser Festsaal im Wiener Rathaus, 1010 Wien"]
[Date "2016.08.22"]
[Round "8"]
[Board "4"]
[White "Schreiner, Peter"]
[Black "Koop, Thorben"]
[Result "1/2-1/2"]
[WhiteElo "2445"]
[BlackElo "2412"]
[PlyCount "83"]
[EventDate "2016.08.16"]
[EventRounds "9"]
[EventCountry "AUT"]

1.d4 Nf6 2.Nf3 g6 3.c4 Bg7 4.g3 O-O 5.Bg2 d5 6.O-O Nc6 7.Nbd2 Re8 8.e3 a5 9.cxd5 Nxd5
10.Nc4 a4 11.a3 Nf6 12.Qe2 Ne4 13.Rd1 Nd6 14.Nfe5 Nxe5 15.Nxe5 Ra5 16.Bd2 Ra8 17.Bc3
c6 18.d5 c5 19.e4 Qb6 20.Nc4 Qa6 21.Bxg7 Kxg7 22.Rac1 Bd7 23.e5 Nxc4 24.Qxc4 Qxc4
25.Rxc4 b6 26.f4 Ra7 27.Kf2 Rd8 28.Bf3 Bb5 29.Rc2 Rad7 30.Ke3 Ba6 31.h4 h5 32.Be4
Bb5 33.Bf3 Ba6 34.Bg2 Bb7 35.Rcd2 b5 36.Bf1 c4 37.Bg2 Kf8 38.Be4 Kg7 39.Bf3 Kf8 40.Be4
Kg7 41.Rd4 f5 42.Bf3 1/2-1/2

[Event "Vienna Chess Open 2016 Group A"]
[Site "Grosser Festsaal im Wiener Rathaus, 1010 Wien"]
[Date "2016.08.22"]
[Round "8"]
[Board "5"]
[White "Vorobiov, Evgeny"]
[Black "Leenhouts, Koen"]
[Result "1-0"]
[WhiteElo "2586"]
[BlackElo "2491"]
[PlyCount "113"]
[EventDate "2016.08.16"]
[EventRounds "9"]
[EventCountry "AUT"]

1.d4 Nf6 2.c4 g6 3.Nc3 d5 4.cxd5 Nxd5 5.e4 Nxc3 6.bxc3 Bg7 7.Qa4+ Nd7 8.Nf3 O-O 9.Be2
c5 10.O-O cxd4 11.cxd4 Nb6 12.Qb4 Qd6 13.Ba3 Qxb4 14.Bxb4 Bg4 15.Rac1 Bxf3 16.Bxf3
Bxd4 17.Bxe7 Rfc8 18.e5 Rxc1 19.Rxc1 Re8 20.Bg5 Bxe5 21.Bxb7 Bd4 22.Kf1 Kg7 23.Bf4
Re6 24.g3 h6 25.Rc2 g5 26.Bd2 Re7 27.Bf3 Re5 28.Kg2 Rc5 29.Rxc5 Bxc5 30.Bc3+ f6 31.Bc6
Nc4 32.Bb5 Ne5 33.a4 Kf7 34.f4 Ng4 35.h3 Ne3+ 36.Kf3 Ke6 37.Ba6 Ke7 38.Bd2 Nf5 39.Kg4
Ne3+ 40.Kh5 Nf5 41.g4 Ne3 42.f5 Nd5 43.Kxh6 Bb4 44.Bc1 Nc3 45.Bb5 a6 46.Bxa6 Nxa4
47.Kg7 Nc5 48.Bb2 Nxa6 49.Bxf6+ Ke8 50.Bxg5 Nc5 51.Bf6 Ne4 52.Bd4 Bf8+ 53.Kg6 Be7
54.f6 Bxf6 55.Bxf6 Nf2 56.Bd4 Nxh3 57.Be3 1-0

[Event "Vienna Chess Open 2016 Group A"]
[Site "Grosser Festsaal im Wiener Rathaus, 1010 Wien"]
[Date "2016.08.22"]
[Round "8"]
[Board "6"]
[White "Burmakin, Vladimir"]
[Black "Hertneck, Gerald"]
[Result "0-1"]
[WhiteElo "2553"]
[BlackElo "2469"]
[PlyCount "82"]
[EventDate "2016.08.16"]
[EventRounds "9"]
[EventCountry "AUT"]

1.d4 Nf6 2.Nf3 e6 3.c4 Bb4+ 4.Bd2 c5 5.Bxb4 cxb4 6.e3 b6 7.a3 Qe7 8.Be2 Bb7 9.O-O
O-O 10.axb4 Qxb4 11.Nc3 d5 12.Ne5 dxc4 13.Nxc4 Bc6 14.Ra3 Nbd7 15.Rb3 Qe7 16.Bf3 Rfc8
17.e4 e5 18.d5 Ba4 19.Nxa4 Rxc4 20.Rc3 Rd4 21.Rd3 Qb4 22.b3 Rxd3 23.Qxd3 Rc8 24.Nb2
b5 25.Be2 a6 26.f3 Rc3 27.Qd1 Nc5 28.Kh1 Qxb3 29.Qa1 Qc2 30.Bxb5 h5 31.Nd1 Rb3 32.Bxa6
Rb1 33.Qc3 Qxd1 34.h4 Qd4 35.Qxd4 Rxf1+ 36.Bxf1 exd4 37.Kg1 Kf8 38.d6 Nfd7 39.Bb5
f6 40.Bc6 Ne5 41.Bb5 Nf7 0-1

[Event "Vienna Chess Open 2016 Group A"]
[Site "Grosser Festsaal im Wiener Rathaus, 1010 Wien"]
[Date "2016.08.22"]
[Round "8"]
[Board "7"]
[White "Gajek, Radoslaw"]
[Black "Ponizil , Cyril "]
[Result "0-1"]
[WhiteElo "2434"]
[BlackElo "2510"]
[PlyCount "156"]
[EventDate "2016.08.16"]
[EventRounds "9"]
[EventCountry "AUT"]

1.c4 e5 2.Nc3 Bb4 3.Nd5 a5 4.g3 Nf6 5.Nxb4 axb4 6.Bg2 d6 7.d3 O-O 8.Nf3 c5 9.O-O Nc6
10.a3 bxa3 11.bxa3 Bf5 12.Rb1 Qd7 13.Rb6 Bh3 14.Qb3 Bxg2 15.Kxg2 Ra7 16.Bg5 e4 17.dxe4
Nxe4 18.Qd3 Qe6 19.Bf4 Rfa8 20.Qd5 Qxd5 21.cxd5 Ne7 22.Rfb1 Nc3 23.Bxd6 Nexd5 24.Rxb7
Nxb1 25.Rxb1 c4 26.Rc1 Rc8 27.Nd4 Ra6 28.Nb5 Rb6 29.a4 Ra6 30.e4 Nf6 31.e5 Ne8 32.Ra1
Rca8 33.Be7 Rxa4 34.Re1 R4a5 35.Nc3 h6 36.Bb4 R5a7 37.Re4 Rc8 38.Nd5 Kh7 39.Ne7 Rcc7
40.Nd5 Rc6 41.Ne7 Re6 42.Nd5 Nf6 43.Nxf6+ gxf6 44.Rxc4 fxe5 45.Bd2 Raa6 46.Be3 Rac6
47.Rb4 Rc2 48.Ra4 h5 49.Ra7 Kg6 50.Ra8 Kg7 51.Ra7 Rc4 52.Rd7 Rec6 53.Re7 Kf6 54.Ra7
Kg6 55.Ra8 Rc8 56.Ra6+ f6 57.h3 R4c6 58.Ra5 Re6 59.Ra4 Rec6 60.Ra5 Rc4 61.Rb5 R8c7
62.Rb8 f5 63.Rg8+ Rg7 64.Rf8 h4 65.Kf3 Rh7 66.Ra8 Rf7 67.Ra5 hxg3 68.fxg3 Re7 69.Ra6+
Kf7 70.Rh6 Kg7 71.Rh5 Rf7 72.Rg5+ Kf6 73.Rg8 Rc3 74.h4 Rb7 75.Ke2 Kf7 76.Rd8 Rb2+
77.Rd2 Rxd2+ 78.Kxd2 Ra3 0-1

[Event "Vienna Chess Open 2016 Group A"]
[Site "Grosser Festsaal im Wiener Rathaus, 1010 Wien"]
[Date "2016.08.22"]
[Round "8"]
[Board "8"]
[White "Nitin, Senthilvel"]
[Black "Arkell, Keith"]
[Result "1-0"]
[WhiteElo "2398"]
[BlackElo "2464"]
[PlyCount "73"]
[EventDate "2016.08.16"]
[EventRounds "9"]
[EventCountry "AUT"]

1.e4 c6 2.d4 d5 3.Nc3 dxe4 4.Nxe4 Nd7 5.Ng5 Ngf6 6.Bd3 g6 7.N1f3 Bg7 8.O-O O-O 9.c3
h6 10.Nh3 c5 11.Nf4 cxd4 12.cxd4 Nb6 13.Qb3 g5 14.Ne2 Be6 15.Qd1 Bc4 16.h4 Bxd3 17.Qxd3
g4 18.Ne5 Nbd7 19.Bf4 Nxe5 20.Bxe5 Kh8 21.Ng3 e6 22.Qe3 Kh7 23.Qf4 Rg8 24.Rac1 Nd7
25.Qxf7 Nxe5 26.dxe5 Qxh4 27.Qxe6 Rae8 28.Qf7 Re7 29.Qf5+ Kh8 30.Rfe1 Rf8 31.Rc8 Ree8
32.Rxe8 Rxe8 33.Qg6 Rf8 34.Nf5 Qg5 35.Qxg5 hxg5 36.e6 g3 37.fxg3 1-0

[Event "Vienna Chess Open 2016 Group A"]
[Site "Grosser Festsaal im Wiener Rathaus, 1010 Wien"]
[Date "2016.08.22"]
[Round "8"]
[Board "9"]
[White "Mastrovasilis, Dimitrios"]
[Black "Kokol, Peter"]
[Result "1-0"]
[WhiteElo "2603"]
[BlackElo "2360"]
[PlyCount "101"]
[EventDate "2016.08.16"]
[EventRounds "9"]
[EventCountry "AUT"]

1.e4 c5 2.Nf3 Nc6 3.d4 cxd4 4.Nxd4 Nf6 5.Nc3 d6 6.Bg5 e6 7.Bb5 Bd7 8.Bxc6 bxc6 9.Qf3
Be7 10.e5 Nd5 11.Bxe7 Qxe7 12.Qg3 Nxc3 13.bxc3 O-O 14.exd6 Qf6 15.Nb3 e5 16.Rd1 Bf5
17.O-O Rfd8 18.f4 e4 19.Qg5 Rab8 20.c4 e3 21.Qxf6 gxf6 22.Rd4 Bxc2 23.Nc5 e2 24.Rc1
Rb2 25.Kf2 Bf5 26.Re1 Rxa2 27.Rxe2 Rxe2+ 28.Kxe2 Kf8 29.Kd2 Rb8 30.Kc3 h5 31.Rd2 h4
32.Rd1 a5 33.Ra1 Rd8 34.Nb7 Rd7 35.Rxa5 Bg4 36.h3 Be2 37.Ra2 Bf1 38.Rb2 c5 39.Rf2
Rxb7 40.Rxf1 Ke8 41.Rd1 Ra7 42.Rd5 Ra3+ 43.Kb2 Rg3 44.Rxc5 Rxg2+ 45.Kc3 Rg3+ 46.Kb4
Kd7 47.Rd5 Rxh3 48.c5 Rf3 49.Rd4 Rg3 50.c6+ Kd8 51.Rd5 1-0

[Event "Vienna Chess Open 2016 Group A"]
[Site "Grosser Festsaal im Wiener Rathaus, 1010 Wien"]
[Date "2016.08.22"]
[Round "8"]
[Board "10"]
[White "Manolache, Marius"]
[Black "Lewicki, Miroslaw"]
[Result "1-0"]
[WhiteElo "2492"]
[BlackElo "2319"]
[PlyCount "93"]
[EventDate "2016.08.16"]
[EventRounds "9"]
[EventCountry "AUT"]

1.d4 Nf6 2.Bg5 Ne4 3.Bf4 c5 4.f3 Nf6 5.d5 d6 6.e4 g6 7.Qd2 Bg7 8.Nc3 h6 9.Nge2 Nbd7
10.Ng3 Ne5 11.Be2 a6 12.a4 b6 13.O-O h5 14.Nh1 Qc7 15.Nf2 Rb8 16.Rab1 O-O 17.Bh6 c4
18.Bxg7 Kxg7 19.h3 b5 20.axb5 axb5 21.f4 Ned7 22.Bf3 Nc5 23.Qe3 e5 24.dxe6 Nxe6 25.Rbd1
Qc5 26.Qxc5 dxc5 27.Ne2 Bb7 28.e5 Ng8 29.Bxb7 Rxb7 30.Ne4 Nh6 31.Nd6 Ra7 32.c3 Nf5
33.Nxf5+ gxf5 34.g4 fxg4 35.Ng3 h4 36.Nh5+ Kh6 37.hxg4 Ra2 38.Rd6 Rd8 39.Rxd8 Nxd8
40.Rd1 Ne6 41.Rd7 Rxb2 42.Rxf7 b4 43.Rf6+ Kh7 44.Rxe6 bxc3 45.Re7+ Kg8 46.e6 c2 47.Nf6+ 1-0

[Event "Vienna Chess Open 2016 Group A"]
[Site "Grosser Festsaal im Wiener Rathaus, 1010 Wien"]
[Date "2016.08.22"]
[Round "8"]
[Board "11"]
[White "Foisor, Cristina"]
[Black "Stanec, Nikolaus"]
[Result "1/2-1/2"]
[WhiteElo "2351"]
[BlackElo "2457"]
[PlyCount "20"]
[EventDate "2016.08.16"]
[EventRounds "9"]
[EventCountry "AUT"]

1.d4 Nf6 2.Nf3 g6 3.g3 Bg7 4.Bg2 O-O 5.O-O d6 6.c4 c6 7.Nc3 Bf5 8.b3 Ne4 9.Bb2 Nxc3
10.Bxc3 Be4 1/2-1/2

[Event "Vienna Chess Open 2016 Group A"]
[Site "Grosser Festsaal im Wiener Rathaus, 1010 Wien"]
[Date "2016.08.22"]
[Round "8"]
[Board "12"]
[White "Froewis, Georg"]
[Black "Bisby, Daniel"]
[Result "1-0"]
[WhiteElo "2449"]
[BlackElo "2311"]
[PlyCount "67"]
[EventDate "2016.08.16"]
[EventRounds "9"]
[EventCountry "AUT"]

1.d4 Nf6 2.c4 g6 3.Nc3 Bg7 4.e4 d6 5.Be2 O-O 6.Be3 Na6 7.h4 e5 8.d5 Nc5 9.Qc2 h5 10.f3
a5 11.O-O-O Bd7 12.Nh3 a4 13.Rdg1 c6 14.g4 cxd5 15.exd5 e4 16.Bg5 exf3 17.Bxf3 b5
18.cxb5 Re8 19.Nf4 Rc8 20.Nxh5 gxh5 21.gxh5 Re5 22.Bh6 Re1+ 23.Bd1 Rxg1 24.Rxg1 Ng4
25.Bxg7 Qxh4 26.Bh6 Qxh5 27.Be3 Kf8 28.Bf4 f5 29.Bxd6+ Kf7 30.Bxc5 Rxc5 31.Bxg4 Qg5+
32.Kb1 fxg4 33.Ne4 Qg6 34.Rf1+ 1-0

[Event "Vienna Chess Open 2016 Group A"]
[Site "Grosser Festsaal im Wiener Rathaus, 1010 Wien"]
[Date "2016.08.22"]
[Round "8"]
[Board "13"]
[White "Formento, Paolo"]
[Black "Williams, Simon"]
[Result "0-1"]
[WhiteElo "2298"]
[BlackElo "2443"]
[PlyCount "66"]
[EventDate "2016.08.16"]
[EventRounds "9"]
[EventCountry "AUT"]

1.d4 e6 2.e4 d5 3.Nc3 Nf6 4.Bg5 dxe4 5.Nxe4 Be7 6.Bxf6 gxf6 7.Nf3 a6 8.Bd3 f5 9.Nc3
Nc6 10.Qd2 Bf6 11.O-O-O Nxd4 12.Nxd4 Qxd4 13.Kb1 Bd7 14.Qh6 Qh4 15.Qxh4 Bxh4 16.g3
Bf6 17.h3 h5 18.h4 Bc6 19.Rhe1 O-O-O 20.Ne2 Bf3 21.Rd2 c5 22.Ng1 Bc6 23.Red1 f4 24.Ne2
Bf3 25.b3 Kc7 26.Rf1 e5 27.Ng1 Bg2 28.Rfd1 e4 29.Bc4 Rxd2 30.Rxd2 f3 31.Bd5 Bc3 32.Rd1
Rd8 33.Kc1 f5 0-1

[Event "Vienna Chess Open 2016 Group A"]
[Site "Grosser Festsaal im Wiener Rathaus, 1010 Wien"]
[Date "2016.08.22"]
[Round "8"]
[Board "14"]
[White "Mertens, Heiko"]
[Black "Fauland, Alexander"]
[Result "1/2-1/2"]
[WhiteElo "2297"]
[BlackElo "2431"]
[PlyCount "100"]
[EventDate "2016.08.16"]
[EventRounds "9"]
[EventCountry "AUT"]

1.Nf3 d6 2.c4 Nf6 3.g3 Bg4 4.Bg2 c6 5.Nc3 Nbd7 6.b3 e5 7.O-O Be7 8.Bb2 O-O 9.h3 Bh5
10.g4 Bg6 11.Nh4 Ne8 12.Nxg6 hxg6 13.d4 f5 14.dxe5 dxe5 15.Qc2 Bc5 16.Rad1 Rf7 17.Na4
Bd6 18.c5 Bc7 19.Qc4 Qe7 20.b4 a6 21.Rd2 e4 22.Rfd1 Nef6 23.g5 Nd5 24.Nc3 Ne5 25.Nxd5
Nxc4 26.Nxe7+ Rxe7 27.Rd7 Rae8 28.Bc3 Be5 29.Be1 Kf7 30.Bf1 Nb2 31.R1d2 Bc3 32.Rxe7+
Rxe7 33.Rc2 Bxe1 34.Rxb2 e3 35.fxe3 Bh4 36.Rb3 Bxg5 37.Kf2 Bh4+ 38.Kg1 Re4 39.a3 Rc4
40.Rd3 Ke7 41.Rd4 Rxd4 42.exd4 Ke6 43.e4 fxe4 44.Bc4+ Kd7 45.Kf1 Bf6 46.d5 Bb2 47.a4
Bc3 48.dxc6+ bxc6 49.Ke2 Bxb4 50.Ke3 Bxc5+ 1/2-1/2

[Event "Vienna Chess Open 2016 Group A"]
[Site "Grosser Festsaal im Wiener Rathaus, 1010 Wien"]
[Date "2016.08.22"]
[Round "8"]
[Board "15"]
[White "Santagati, Alessandro"]
[Black "Baldauf, Marco"]
[Result "0-1"]
[WhiteElo "2271"]
[BlackElo "2423"]
[PlyCount "102"]
[EventDate "2016.08.16"]
[EventRounds "9"]
[EventCountry "AUT"]

1.d4 Nf6 2.c4 g6 3.Nc3 d5 4.cxd5 Nxd5 5.g3 Bg7 6.Bg2 Nxc3 7.bxc3 c5 8.e3 Qa5 9.Ne2
cxd4 10.exd4 O-O 11.O-O Nc6 12.Qb3 Bg4 13.Nf4 e5 14.dxe5 Nxe5 15.Ba3 Rfd8 16.Bb4 Qa6
17.Rfe1 Nf3+ 18.Bxf3 Bxf3 19.Re7 Qf6 20.Re3 Qc6 21.Rae1 b5 22.Ba5 Rf8 23.h4 Bh6 24.Qb4
Rfe8 25.Kh2 Rxe3 26.Rxe3 Bf8 27.Qb2 Bd6 28.Nd3 Bh1 29.Ne1 Bd5 30.Bb4 Bc7 31.Qe2 a5
32.Ba3 Bc4 33.Qf3 Qxf3 34.Nxf3 Bb6 35.Re7 Rd8 36.Ng5 Bd5 37.Nh3 Kg7 38.Bb2 Kf8 39.Ba3
Kg7 40.Bb2 Bc4 41.Rb7 Bxf2 42.Bc1 Be1 43.Bg5 Rd3 44.Bf4 Bxc3 45.Nf2 Rd8 46.a4 Re8
47.g4 Bd4 48.Nh3 bxa4 49.Bc1 Re1 50.Rb1 Re2+ 51.Kg3 a3 0-1

[Event "Vienna Chess Open 2016 Group A"]
[Site "Grosser Festsaal im Wiener Rathaus, 1010 Wien"]
[Date "2016.08.22"]
[Round "8"]
[Board "16"]
[White "Carow, Johannes"]
[Black "Gstach, Jakob"]
[Result "1/2-1/2"]
[WhiteElo "2423"]
[BlackElo "2267"]
[PlyCount "53"]
[EventDate "2016.08.16"]
[EventRounds "9"]
[EventCountry "AUT"]

1.d4 g6 2.c4 Nf6 3.Nc3 Bg7 4.e4 d6 5.f3 O-O 6.Be3 c5 7.d5 e6 8.Qd2 Qa5 9.a4 Na6 10.Nge2
Nb4 11.Nc1 exd5 12.cxd5 a6 13.Be2 Bd7 14.O-O Rfe8 15.Nd3 Nxd3 16.Bxd3 Qb4 17.Kh1 c4
18.Bc2 b5 19.Bd4 bxa4 20.Bxa4 Bb5 21.Bc2 Nd7 22.Bxg7 Kxg7 23.f4 f6 24.Rab1 Re7 25.Rfe1
Rae8 26.Qf2 Nc5 27.Qd4 1/2-1/2